| 000 | 00401cam a2200169ua 4500 | ||
|---|---|---|---|
| 020 | _c7.50 | ||
| 041 |
_amal _h |
||
| 082 |
_a894.812308 _bPRE/KA |
||
| 100 | _aPremchand, . | ||
| 245 |
_aKayakalpam / _cPremchand. _hTextual Documents |
||
| 260 |
_aThrissur : _bThe Mangalodayam Pvt Ltd , _c1962. |
||
| 300 | _a530 ; . | ||
| 365 | _a7.50 | ||
| 504 | _a | ||
| 942 | _cBK | ||
| 999 |
_c5229 _d5229 |
||